| 000 | 00632nam a2200217Ia 4500 | ||
|---|---|---|---|
| 008 | 131103s9999 xx 000 0 und d | ||
| 020 |
_a0 19 562824 1 _cRs.350.00 |
||
| 040 | _aLoreto College | ||
| 041 | _aEnglish | ||
| 082 |
_a954/GOR _bLCBED/11772 |
||
| 100 | _aGoradia, Nayana | ||
| 245 |
_aLord Curzon _b the last of the british moghuls _cNayana Goradia |
||
| 260 |
_aDelhi _bOxford University Press _c1994 |
||
| 300 |
_axii,309p. _b ill. _c 22cm. |
||
| 504 | _aIncludes bibliography, index & notes | ||
| 630 | _aIndia - History | ||
| 650 | _aCurzon,Lord | ||
| 651 | _aHistory | ||
| 850 | _aLCBED/954/GOR | ||
| 942 | _cBK | ||
| 999 |
_c28690 _d79169 |
||